000 02387nam0a2200433 4500
001 RU\NLR\BIBL_A\016218989
005 20260406134745.0
010 _a978-5-317-06855-4
_9300
021 _aRU
_b2022-73421
_9КН-П-6387
035 _a(RuMoRGB)011302075
035 _a(NLR Aleph) 016218989
090 _a13312909
_c13312909
100 _a20221128d2022 |||y0rusy50 ca
101 0 _aabk
_arus
_deng
102 _aRU
105 _aac z 010zy
181 0 _ai3
_baxxe
182 1 _an
200 1 _aАбхазский государственный университет, Сухум, 90
_dАҧснытәи аҳәынҭқарратә университет, Аҟәа, 90
_eюбилейное научное издание
_fредакционная коллеги: А. А. Гварамия (ответственный редактор) [и др.]
_zabk
203 _aТекст
_bвизуальный
_cнепосредственный
210 _aМосква
_cМАКС Пресс
_d2022
215 _a606 с.
_cил., портр., табл.
_d25
300 _aТекст рус., ахаз.
300 _aРез. англ.
320 _aБиблиогр. в конце ст.
330 _aВ сборнике представлены статьи, отражающие основные направления научных исследований коллектива Абхазского государственного университета (АГУ). Выпуск сборника приурочен к 90-летию университета
510 1 _aАҧснытәи аҳәынҭқарратә университет, Аҟәа, 90
_zabk
601 0 2 _aАбхазский государственный университет
_cСухум, город
_jСборники
_xНаучно-исследовательская работа
_92542776
_3RU\NLR\AUTH\6601718717
675 _a378.4(479.224)(091)
_v4
686 1 _aЧ214(5Г-6А)731я43
702 1 _aГварамия
_bА. А.
_gАнзор Александрович
_4340
711 0 2 _aАбхазский государственный университет
_cСухум
_3RU\NLR\AUTH\889917760
_9331659
852 _aNLR
_bОНЛ
_jАбхаз./4-117
942 _cBOOK
980 _aNB